|
|
|
|
| LEADER |
00000nab a2200000 a 4500 |
| 001 |
vtls000776403 |
| 003 |
SK-MaSNL |
| 005 |
20260304010003.0 |
| 008 |
160318c2001 xo 0 slo |
| 015 |
|
|
|a SNBRB2001/12-34717
|
| 035 |
|
|
|a CLN000128189
|
| 040 |
|
|
|a SNKBUCL
|b slo
|c SNKBUCL
|e AACR2
|
| 041 |
0 |
|
|a slo
|
| 044 |
|
|
|a xo
|c SK
|
| 080 |
|
|
|a 82:061.7
|2 UDC-MRF-SK2
|
| 080 |
|
|
|a 885.0-9:061.7
|2 UDC-MRF-SK2
|
| 080 |
|
|
|a 885.4-9:061.7
|2 UDC-MRF-SK2
|
| 100 |
1 |
|
|a Švihran, Ladislav,
|d 1931-2022
|4 aut
|9 110359
|
| 245 |
1 |
0 |
|a Úrodné roky literatúry faktu
|b cena Egona Ervína Kischa zostala česko-slovenská
|c Ladislav Švihran
|
| 300 |
|
|
|b Obr.
|
| 650 |
0 |
7 |
|a Cena E. E. Kischa
|y za r. 2001
|2 snkbucl
|9 1287434
|
| 650 |
0 |
7 |
|a literárne ceny
|y za r. 2001
|2 snkbucl
|9 21837
|
| 650 |
0 |
7 |
|a literatúra faktu, slovenská
|x literárne ceny
|x za r. 2001
|2 snkbucl
|9 1287435
|
| 650 |
0 |
7 |
|a literatúra faktu, česká
|x literárne ceny
|x za r. 2001
|2 snkbucl
|9 1287436
|
| 655 |
|
7 |
|a články z novín a časopisov
|2 snkbucl
|9 267496
|
| 773 |
0 |
|
|t Mosty
|g Roč. 10, č. 33 (2001), s. 4-5
|
| 850 |
|
|
|a Slovenská národná knižnica v Martine
|
| 852 |
|
|
|a SNK
|b KIS3GCP
|
| 958 |
|
|
|a CZ
|
| 958 |
|
|
|a LX
|
| 958 |
|
|
|a SK
|
| 999 |
|
|
|c 2558499
|d 2560429
|